| 000 | 00459nam a2200205 a 4500 | ||
|---|---|---|---|
| 001 | 0001-1113 | ||
| 003 | ELIB.Books | ||
| 008 | 150323 2010 eng | ||
| 020 | _aa | ||
| 035 | _a(ELIB.Books)0001-1268 | ||
| 092 |
_aAdolescent Spirituality _bAdolescent Spirituality _cB |
||
| 100 | _aaa | ||
| 111 | _aaa | ||
| 245 |
_aaa _baa |
||
| 250 | _aaa | ||
| 260 |
_aaa _baa _caa |
||
| 942 |
_2ddc _cBK |
||
| 990 | _aaa | ||
| 998 |
_cbat _e2015-03-23 |
||
| 999 |
_c11113 _d11113 |
||